Statistics for Countries that Visit Seychelles the Most

Click here to take the quiz!

General Stats

  • This quiz has been taken 57 times
  • The average score is 8 of 10

Answer Stats

Visits Country % Correct
43,066France
96%
18,885United Kingdom
96%
10,916India
96%
39,488Germany
92%
22,845Italy
87%
14,459China
83%
12,354South Africa
67%
24,091United Arab Emirates
62%
11,465Russia
62%
12,333Switzerland
48%

Score Distribution

Percentile by Number Answered

Percent of People with Each Score

Your Score History

You have not taken this quiz